Tim the Enchanter speech Quiz Stats

Quiz not verified by Sporcle

Challenge
Share
Tweet
Embed
Score 0/70 Timer 10:00
0 Plays Today
% Correct
the
86.5%
a
86.5%
and
86.5%
you
67.6%
you
67.6%
so
62.2%
so
62.2%
So
62.2%
of
59.5%
is
59.5%
of
59.5%
to
56.8%
it
56.8%
pointy
56.8%
teeth.
56.8%
for
54.1%
for
54.1%
be
51.4%
with
51.4%
death
51.4%
with
51.4%
if
48.6%
no
48.6%
if
48.6%
no
48.6%
awaits
48.6%
all
48.6%
nasty
48.6%
ye
45.9%
that
45.9%
man
45.9%
or
45.9%
But
43.2%
only
43.2%
knights
43.2%
% Correct
your
43.2%
your
43.2%
big
43.2%
men
40.5%
men
40.5%
brave
40.5%
do
40.5%
Follow
37.8%
follow
37.8%
cave
37.8%
by
37.8%
foul
37.8%
Bones
37.8%
its
37.8%
come
37.8%
this
35.1%
guarded
35.1%
creature
35.1%
further
35.1%
entrance
32.4%
cruel
32.4%
has
32.4%
fought
32.4%
lived
32.4%
strewn
32.4%
doubt
32.4%
strength
32.4%
about
29.7%
lair
29.7%
courage
29.7%
valour
27%
yet
27%
fifty
27%
lie
27%
full
16.2%

You're not logged in!

Compare scores with friends on all Sporcle quizzes.
Sign Up with Email
OR
Log In

You Might Also Like...

Show Comments

Extras

Top Quizzes Today


Score Distribution

Your Account Isn't Verified!

In order to create a playlist on Sporcle, you need to verify the email address you used during registration. Go to your Sporcle Settings to finish the process.